[Event "Linares 26th"]
[Site "Linares"]
[Date "2008.03.02"]
[Round "10"]
[White "Radjabov, Teimour"]
[Black "Aronian, Levon"]
[Result "1-0"]
[WhiteElo "2760"]
[BlackElo "2750"]
[Annotator "Marin,M"]
[PlyCount "111"]
[EventDate "2009.02.19"]
[EventType "tourn"]
[EventRounds "14"]
[EventCountry "ESP"]
[EventCategory "21"]
[SourceTitle "CBM 129"]
[Source "ChessBase"]
[SourceDate "2009.03.25"]
[SourceVersion "1"]
[SourceVersionDate "2009.03.25"]
[SourceQuality "1"]

1. Nf3 d5 2. g3 Bg4 3. Bg2 e6 4. O-O Nd7 5. d4 {For more than a century,
players of all levels have been fascinated by the magic of the white king's
fianchetto in the closed openings. The analytical distilling process, aimed to
reveal the optimal move order ressembles the search for the Philosopher's
Stone from the Middle Ages. In the genuine Catalan Opening, White frequently
has problems stabilising the position because of the possible d5xc4 at
different stages of the game. If White refrains from an early c2-c4, this
means defining the bishop's intentions too soon, allowing Black choose the
rock solid Slav setup, which is supposed to offer White no advantage at al,
because his bishop would bite on stonel. I have passed through this whole
process over the past 17 years and I know that there is no universal answer to
the problem. It all depends on such subjective factors as the speciffic
opponent or the mood in which you are that day. Judging from the course of the
present game, Radjabov found the right move order, against the right opponent
at the right moment.} c6 6. Nbd2 Ngf6 7. Re1 {It is interesting to compare the
first moves with the following sequence with reversed colours: 1.d4 Nf6 2.Nf3
g6 3.Bg5 Bg7 4.c3 d5 5.Nbd2 Nbd7 6.e3 0-0 7.b4 c6 8.Be2 Re8 followed by ...e5.
This is how the game Torre - Kasparov, Thesaloniki (ol) 1988 started. About
ten moves later, the reigning World Champion had a big advantage already.
There is an interesting psychological nuance involved in reversing colours.
What is entirely satisfactory with Black does not look equally appealing with
White. This is a possible reason why Radjabov's plan from this game is not
seen frequently at grandmaster level.} Be7 8. e4 dxe4 9. Nxe4 O-O 10. c3 Re8 $6
{In conjunction with his next move, this is the start of Black's troubles.} (
10... Nxe4 11. Rxe4 Nf6 {would have been more natural and probably better.
Black would play ...Nd5, ...Qb6 and ...Rfd8, waiting for a favourable moment
to open the centre with c6-c5.} 12. Re1 Qb6 13. Qb3 {[%cal Gf3e5] By unpinning
the knight, White threatens Ne5, which makes the exchange on f3 highly
recommendable.} Bxf3 (13... Rfd8 $6 14. Ne5 Bf5 15. Nc4 {led to an initiative
for White in Hansen,L (2565)-Rasmussen,K (2440)/Denmark 1996/EXT 2000/[Hansen,
LB] (1-0, 32)}) ({It makes no sense to strengthen White's structure with} 13...
Qxb3 14. axb3 Bxf3 15. Bxf3 {although Black managed to hold his own in Kengis,
E (2572)-Dutreeuw,M (2390)/Germany 2001/CBM 087/[Finkel,A] (1/2, 45).}) 14.
Bxf3 Rfd8 {In my opinion, this should be regarded as the critical position of
the whole variation. In practice, most of the games between strong players
ended in short draws, which may speak for something. Here is the most relevant
of them, in which Black applied the most natural regrouping, immediately
convincing White of the solidity of his position.} 15. Bf4 Nd5 16. Bd2 Bf6 17.
Rad1 {1/2 Cvitan,O (2535)-Kurajica,B (2556)/Split 2008/CBM 122 Extra. The
position looks like if it came out of a favourable form of the Caro Kann, in
which Black has managed to exchange two pairs of minor pieces. White cannot
improve his position easily, since c3-c4 would leave the d4-square vulnerable.
On the contrary, Black can prepare c6-c5 at his own convenience.} Rd7 18. Kg2
Rad8 19. h4 h6 (19... c5 20. dxc5 Qxc5 21. Bg5 $14) 20. h5 Qc7 {[%cal Gc6c5]} (
20... c5 $5 $11) 21. Qa3 b5 $132 {[%cal Gc7b6,Ga7a5]}) 11. Nxf6+ ({Another
form of carrying out the plan from our main game is} 11. Qb3 Qb6 12. Ned2 {
It is interesting to notice that, with all his minor pieces on the board,
Black is better coordinated than after the exchange on f6, allowing him make
use of his advance in development to neutralise White's initiative.} Qc7 (12...
Qxb3 {is an unnecessary concession.} 13. axb3 Bd6 14. Nc4 Bc7 15. b4 Bxf3 16.
Bxf3 a6 17. Bg2 e5 18. dxe5 Nxe5 19. Nxe5 Rxe5 20. Rxe5 Bxe5 21. b5 $1 $14 {
Badea,B (2492)-Lemmers,O (2425)/Bucharest 2006/CBM 111 ext (1-0, 45)}) (12...
c5 {may also be premature.} 13. h3 Bh5 14. Qxb6 axb6 15. Ne5 cxd4 16. Nxd7 Nxd7
17. cxd4 Ra7 18. Ne4 b5 {Speelman,J (2625)-Dreev,A (2645)/Geneve 1996/CBM 054
ext (1-0, 61)} 19. d5 $1 $16) 13. Nc4 b5 14. Nce5 Bxf3 15. Bxf3 Nxe5 16. Rxe5
Rab8 17. Re1 {1/2 Dizdarevic,E (2500)-Almasi,Z (2630)/Makarska Tucepi 1995/EXT
1997}) 11... Bxf6 {Aronian takes the e5-square under control in order to carry
out the freeing pawn break e6-e5 as soon as possible, but leaves the d5-square
insufficiently well protected.} (11... Nxf6 {would still be possible, but in
this case the rook would not stand well on e8.}) 12. h3 {This move is an
important preparation of Radjabov's novelty, two moves later. The bishop is
forced to define its intentions.} ({The similar plan without h2-h3 is slightly
less effective.} 12. Qb3 Qb6 13. Nd2 (13. Bf4 $6 Bxf3 14. Bxf3 e5 $11 {Hug,W 
(2445)-Huebner,R (2605)/Garmisch Partenkirchen 1994/CBM 043 ext (1/2, 24)})
13... e5 14. d5 Qxb3 15. axb3 cxd5 16. Bxd5 Nc5 17. Ne4 {would allow the
bishop return to e6 at some point, keeping Black's position defensible.} Nd3 (
17... Be6 $5) 18. Re3 Nxc1 19. Rxc1 Re7 {[%cal Gg4e6]}) 12... Bh5 (12... Bxf3
13. Bxf3 e5 14. d5 $1 $16) 13. Qb3 $146 {Technically speaking (and if we
ignore a blitz game played through the Internet, mentioned below), this is a
novelty, but the really new idea will come one move later.} (13. g4 Bg6 14. Bf4
h6 15. Bg3 Qb6 16. Qe2 c5 17. Ne5 Nxe5 18. dxe5 Be7 $11 {Strikovic,A (2550)
-Almasi,Z (2655)/Cacak 1996/CBM 057/[Hecht] (1/2, 65)}) 13... Qb6 14. Nd2 $1 {
A strong move, threatening Nc4, with the aim of provoking the exchange Qxb3,
axb3, followed by b3-b4 which would ensure White some queenside advantage. The
move is somewhat paradoxical, because White not only does not continue
developing, but even temporarily blocks the c1-bishop! This can be justified
by the strong queenside tension (it is no less than their Majesties throwing
at each other furious glances) and the relatively poor quality of Black's
development in general.} e5 {With the d5-square poorly defended, Black is not
well-prepared for this move, but passive play would not have ensured easy life
either.} (14... Rad8 15. Nc4 Qxb3 (15... Qc7 $2 16. Bf4 e5 17. dxe5 Nxe5 18.
Nxe5 Bxe5 19. Bxe5 Rxe5 20. Rxe5 Qxe5 21. Qxb7 $16) 16. axb3 $16 {[%cal Ga1a7,
Gc4d6]}) ({The aforementioned game on the Internet went} 14... Qxb3 15. axb3 a6
16. b4 (16. Ne4 Be7 17. Bf4 $14 {[%cal Gb3b4,Ge4c5,Ge4d6]}) 16... Rad8 17. Ne4
$14 {UncleBob-Wornath,K (2382)/playchess.com 2004/EXT 2005 (1-0, 61). I have
no clue about who UncleBob may be.}) 15. d5 $1 Qc7 $6 {After this timid move,
Black gets into trouble.} ({He could have kept the game more complicated with} 
15... Qxb3 16. axb3 cxd5 17. Bxd5 {[%csl Ga7,Gb7]} Nc5 18. Ne4 Red8 (18... Nd3
19. Re3 Nxc1 20. Rxc1 Re7 21. b4 $14) 19. Nxc5 Rxd5 20. Nxb7 Bf3 21. b4 $14 {
The f3-bishop is quite strong, but White's queenside advantage looks crushing.
In any case, play would have been far from one-sided.}) 16. d6 $1 $16 Qb8 17.
Ne4 Bd8 18. Be3 Bb6 19. h4 h6 20. Bh3 Qd8 {The opening has been a major
success for White. It is not really usual in super-tournaments that White gets
such an advantage on move 20 already.} 21. Bxh6 $1 {White wins a pawn with a
simple combination.} Nc5 $5 ({This looks like the best practical chance. Black
rids himself of the passive knight and eliminates the disturbing d6-pawn.} 
21... gxh6 22. Bxd7 Qxd7 $2 {loses the queen to} 23. Nf6+) 22. Nxc5 Qxd6 23.
Nd7 Qxh6 24. Nxb6 axb6 25. Qxb6 Bf3 26. Qe3 Qh5 27. Bg2 Bxg2 28. Kxg2 Ra4 29.
Qg5 Qxg5 30. hxg5 {White's advantage does not consist of the extra pawn only,
which, in many rook endings, is not sufficient for a win, see for instance the
game Ivanchuk - Wang. He has a space advantage on the kingside, while the
e5-pawn and the seventh rank are vulnerable.} Kh7 (30... Rg4 {leaves the rook
trapped after} 31. f4 $1) 31. a3 Kg6 32. Rad1 Re6 33. Rd7 b5 34. Red1 Rc4 35.
Rc7 e4 36. Rdd7 {After the occupation of the seventh rank, White should win
without problems.} e3 {Desperate counterplay.} 37. fxe3 Rxe3 38. Rxf7 Rg4 39.
Rxg7+ Kh5 40. Rh7+ Kg6 41. Rcg7+ Kf5 42. Rf7+ Kg6 43. Rhg7+ Kh5 44. Rf3 Re2+
45. Kh3 Rxg5 46. g4+ Kh6 47. Rxg5 Kxg5 48. b3 Kg6 49. Kg3 Ra2 50. Kf4 Rxa3 51.
b4 {The position has calmed down and Black has managed to prevent the material
deficit from increasing. However, his pieces are not coordinated, which allows
White to win effortlessly.} Kf7 (51... Ra1 {is no better because of} 52. Rd3 {
threatening Rd6+.}) 52. Ke5+ Ke7 53. Rh3 Kd7 54. g5 Ra1 55. Rh7+ Ke8 56. Rc7
1-0

[Event "Linares 26th"]
[Site "Linares"]
[Date "2009.03.03"]
[Round "11"]
[White "Grischuk, Alexander"]
[Black "Radjabov, Teimour"]
[Result "1/2-1/2"]
[WhiteElo "2733"]
[BlackElo "2760"]
[Annotator "Giri,A"]
[PlyCount "88"]
[EventDate "2009.02.19"]
[EventType "tourn"]
[EventRounds "14"]
[EventCountry "ESP"]
[EventCategory "21"]
[SourceTitle "CBM 129"]
[Source "ChessBase"]
[SourceDate "2009.03.25"]
[SourceVersion "1"]
[SourceVersionDate "2009.03.25"]
[SourceQuality "1"]

1. d4 Nf6 2. Nf3 g6 3. c4 Bg7 4. Nc3 O-O 5. e4 d6 {The King's Indian, the main
weapon of Radjabov. He is a real expert in it.} 6. Be2 e5 7. O-O Nc6 8. d5 Ne7
9. b4 {The so-called Bayonet Attack, probably the most popular weapon against
the King's Indian - and against Radjabov as well.} Nh5 {The knight goes away,
freeing the way for the f-pawn.} (9... a5 {Another main move, which was never 
(!) played by Radjabov.}) 10. Re1 {Preparing the f1-square for the bishop.} f5
11. Ng5 Nf6 {The knight goes back, after it has done its job.} 12. f3 {White
protects his central pawn.} ({Another very popular way of protecting the
e4-pawn is} 12. Bf3) 12... Kh8 {is a move Teimour usually chooses in this
position.} (12... c6 {and}) (12... Nh5 {are other often played moves.}) 13. c5
{Relatively rare, but a very logical move. It has already occured in the
practice of Teimour, back then in 2005 in his game against Gyimesi.} (13. Rb1 {
was a latest try here. Van Wely played it and won beautifully against...
Radjabov! But I am sure, Teimour definitely has an improvement over that game.}
) (13. Ne6 {and}) (13. Be3 {are other possibilities.}) 13... h6 14. Ne6 Bxe6
15. dxe6 d5 {Black strikes in the centre, and now the question is whether the
e6-pawn is a strength or a weakness. This question concerns the whole
variation by the way!} 16. exd5 Nfxd5 17. Nxd5 Qxd5 18. Qb3 {White's idea is
to open the a-file.} (18. Qxd5 {is another way of exchanging queens.} Nxd5 19.
Bc4 Nxb4 20. Rb1 Nc6 {and the position is unclear, probably around equal.})
18... Qxb3 19. axb3 Nc6 (19... Nd5 {is another possibility which has been
never played before. It looks more natural than Nc6, but has it's own minuses,
which Teimour probably knew.} 20. b5 e4 21. Ra2 Bd4+ 22. Kf1 Bxc5 23. Bc4 $1 {
with a clear advantage for White, might be a reason why 19...Nc6 was chosen by
Radjabov.}) 20. Ra4 (20. Bd2 {is not good, because of} Nd4 {with some
advantage for Black.}) (20. b5 Nd4 {is also good for Black.}) (20. Bb5 $5 {
looks like a real alternative, though} Rfe8 21. Bxc6 bxc6 22. b5 $1 Rxe6 23. b6
cxb6 24. cxb6 c5 $1 25. bxa7 Re7 {probably equalises for Black.}) 20... Rfe8 $1
$146 {Finally the novelty has come. These days it seems to be normal to play
novelties somewhere in the ending. Apart from just being the novelty, this
move is also very strong. It is most probably that Radjabov found this natural
improvement over the board, as he spent more than an hour, if I am not
mistaken. But it could be that he was just trying to remember his own analysis
(can you imagine how much he has to remember??).} 21. Bc4 {Other moves are not
dangerous for Black either.} ({For example} 21. Bb2 Rxe6 22. b5 Nd4 23. Bc4
Ree8 24. Bf7 Rf8 25. Bxg6 Nxb3 26. Bxe5 Nxc5 {with something like equality.})
21... a6 $1 {Another strong move from Radjabov. Now it was time for Grischuk
to spend his time. He was thinking for about an hour here if I remember
correctly.} 22. b5 {White wants to exchange rooks and count on his two bishops
in an open position ... or maybe Grischuk simply understood that he had no
advantage, and just decided to simplify it all even further and make a draw.} (
22. Bb2 {does not give White anything either.} Rad8 23. Bc3 g5 {and Black is
at least not worse.}) 22... axb5 23. Rxa8 Rxa8 24. Bxb5 Re8 25. Rd1 Rxe6 26.
Rd7 Bf8 27. Rxc7 Bxc5+ 28. Kf1 Re7 {The last moves were very logical: Black
took White's pawn on e6, meanwhile White activated his pieces.} 29. Rxe7 (29.
Rc8+ {also leads to a draw.} Kg7 30. Bxc6 bxc6 31. Rxc6 Bd4 32. Bd2 Ra7 33. Ke2
Ra2 $11) 29... Bxe7 30. Bb2 Nd4 (30... Bf6 {is also drawish.} 31. f4 Kg7 32.
fxe5 {the simplest} (32. Bxc6 {also isn't bad}) 32... Nxe5 (32... Bxe5 33. Bxc6
Bxb2 34. Bxb7 {with a draw}) 33. Bxe5 Bxe5 {is drawn, due to the opposite
coloured bishops.}) 31. Bxd4 exd4 {Now the position with opposite coloured
bishops has arisen. Black's extra pawn doesn't really count. The funny thing
is that in one of the latest games between the same opponents in the same
variation, in the Fide Grand Prix in Elista, Radjabov also had an extra pawn
in an opposite coloured bishop ending. That time he tried really hard, but
could not win. Now it is also drawn.} 32. g4 Kg7 33. gxf5 gxf5 34. Bd3 Kf6 35.
h3 Kg5 36. Ke2 Kf4 37. Bc2 h5 38. Bd3 Bf8 39. Kf2 Kg5 40. Kf1 Bc5 41. Ke2 h4
42. Bc2 f4 43. Kd3 b5 44. Ke4 b4 1/2-1/2

[Event "Linares 26th"]
[Site "Linares"]
[Date "2009.03.06"]
[Round "13"]
[White "Carlsen, Magnus"]
[Black "Radjabov, Teimour"]
[Result "1/2-1/2"]
[WhiteElo "2776"]
[BlackElo "2761"]
[PlyCount "106"]
[EventDate "2009.02.19"]
[EventType "tourn"]
[EventRounds "14"]
[EventCountry "ESP"]
[EventCategory "21"]
[SourceTitle "CBM 129"]
[Source "ChessBase"]
[SourceDate "2009.03.25"]
[SourceVersion "1"]
[SourceVersionDate "2009.03.25"]
[SourceQuality "1"]

1. e4 c5 2. Nf3 Nc6 3. Bb5 e6 4. O-O Nge7 5. c3 a6 6. Ba4 b5 7. Bc2 Bb7 8. Qe2
Ng6 9. d4 cxd4 10. cxd4 Rc8 11. a3 Be7 12. Nc3 O-O 13. Rd1 Na5 14. g3 Nc4 15.
h4 Nxa3 16. bxa3 Rxc3 17. h5 Qc7 18. Bd3 Nh8 19. Bb2 Rb3 20. Rac1 Qa5 21. d5
Bxa3 22. Bxa3 Rxa3 23. Qe3 f5 24. exf5 Bxd5 25. Ne5 Qd8 26. fxe6 dxe6 27. Bxh7+
Kxh7 28. Qxa3 Rf5 29. Qd3 Kg8 30. Qe2 Nf7 31. Ng6 Kh7 32. Nf4 Ng5 33. Qg4 Qa8
34. Nxd5 Rxd5 35. f4 Rxd1+ 36. Qxd1 Ne4 37. Qd3 Qd5 38. Qxd5 exd5 39. Kg2 a5
40. g4 b4 41. Rc8 b3 42. g5 g6 43. h6 Nd6 44. Rb8 a4 45. Rb4 d4 46. Rxa4 d3 47.
Kf3 $2 (47. Kf1 Nb5 48. Rb4 Nc3 49. Ke1 $18) 47... Nb5 $1 48. Rb4 (48. Ke3 b2
49. Rb4 Nc3 $11 50. Kxd3 (50. Rxb2 Nd1+ 51. Kxd3 Nxb2+ $11) 50... b1=Q+ 51.
Rxb1 Nxb1 $11) 48... Nc3 {The threat 49...d2 must be addressed immediately.}
49. Rb7+ Kg8 50. Rb8+ Kh7 51. Ke3 b2 52. Rb7+ Kg8 53. Rb8+ Kh7 1/2-1/2

[Event "Bazna Kings 3rd"]
[Site "Bazna"]
[Date "2009.06.16"]
[Round "3"]
[White "Radjabov, Teimour"]
[Black "Shirov, Alexei"]
[Result "1/2-1/2"]
[WhiteElo "2756"]
[BlackElo "2745"]
[Annotator "Rogozenco,D"]
[PlyCount "76"]
[EventDate "2009.06.14"]
[EventType "tourn"]
[EventRounds "10"]
[EventCountry "ROU"]
[EventCategory "20"]
[SourceTitle "CBM 131"]
[Source "ChessBase"]
[SourceDate "2009.07.15"]
[SourceVersion "1"]
[SourceVersionDate "2009.07.15"]
[SourceQuality "1"]

1. d4 Nf6 2. c4 g6 3. Nc3 d5 4. Bg5 Ne4 5. Bh4 c5 6. cxd5 Nxc3 7. bxc3 Qxd5 8.
e3 Bg7 9. Nf3 Nc6 10. Be2 cxd4 11. cxd4 e5 ({A few rounds later against
Ivanchuk Shirov went for another variation, but also failed to equalize:} 11...
O-O 12. O-O b6 13. Rc1 Bb7 14. Qa4 e6 15. Rc3 $1 $146 Rfc8 16. Rfc1 a6 17. Ne1
b5 18. Qc2 $14 {1-0 Ivanchuk,V (2746)-Shirov,A (2745)/Bazna 2009 (84)}) 12.
dxe5 Qa5+ 13. Qd2 Qxd2+ 14. Kxd2 Nxe5 15. Rab1 O-O 16. Nd4 $14 Nd7 $146 {
This attempt to improve the existing theory doesn't reach its goal.} ({Also
the most popular} 16... Nc6 {is not a solution, since after} 17. Nxc6 bxc6 18.
Rhc1 {Black must struggle for a draw in a strategically compromised position.})
({Probably the best chances to fight for equality is offered by} 16... h6) 17.
Rhc1 {The pressure on the queenside secures White a clear advantage.} Bxd4 ({
Initially Shirov planned} 17... Nb6 {but then} 18. Rb4 {followed by a4-a5 is
very unpleasant for Black.} (18. Bf3 {is not bad either})) 18. exd4 Nb6 19. Bf3
Be6 20. a4 {White's position is so good, that Radjabov even doesn't want to
take the pawn yet.} (20. Bxb7 Rab8 21. Bc6 $16) 20... Nc4+ (20... f6 $142 21.
Bxb7 Rab8 22. Rc7 Rf7 (22... Nxa4 23. Ra1 $16) 23. Rxf7 Kxf7 24. Be4 Nc4+ (
24... Rd8 25. Rb4 $16) 25. Ke2 (25. Kc3 Rc8 26. Kd3 (26. Rb7+ Kf8 27. Kd3 Nd6
28. Rxa7 Bc4+ 29. Ke3 Re8 $132) 26... Nd6 27. d5 Bd7 $44) 25... Re8 {retaining
practical chances of escaping.}) 21. Kd1 Na5 22. Rb5 Nb3 23. d5 Nxc1 24. dxe6
Rac8 25. Bxb7 ({Another way was} 25. e7 Rfe8 26. Rxb7 Kg7 (26... a5 27. Rd7 Nb3
28. Rd8 Kg7 29. Rxe8 Rxe8 30. Bc6 {wins}) 27. a5 {with a large advantage.})
25... Rc4 26. Be7 fxe6 27. Bxf8 Kxf8 28. Bf3 Rc7 29. Kd2 Na2 {Due to the
misplaced knight on a2 White looks to be completely winning, but things are
not that simple.} 30. Rb3 $2 {This logical move is in fact a mistake, since
White cannot catch the knight.} ({Correct was} 30. Rb2 $1 {and Black faces an
unpleasant choice. All resulting positions are difficult for him:} Nc3 (30...
Rd7+ 31. Ke3 Nc3 32. Rc2 $1 Nd5+ 33. Bxd5 $16) 31. Rc2 Nd5 (31... Nb1+ 32. Kd3
Rd7+ 33. Ke3 $16) 32. Bxd5 Rd7 (32... Rxc2+ 33. Kxc2 exd5 34. Kd3 Ke7 35. Kd4
Kd6 36. f4 a5 37. g4 {is winning for White}) 33. Ke3 Rxd5 (33... exd5 34. Kd4
$16) 34. Rc8+ Ke7 35. Rc7+ Kf6 (35... Rd7 36. Rxd7+ Kxd7 37. Kf4 Ke7 38. Ke5
$18) 36. Rxa7 $16) 30... Ke7 31. a5 (31. Be4 a5 32. Bb1 (32. Rb5 $2 Nc3) 32...
Nb4 $11) 31... Kd6 $11 {The king gets to c5 in time to save the knight.} 32. a6
Kc5 33. Rb7 Kd6 34. Rb3 (34. Be4 Rxb7 35. axb7 Kc7 36. Kd3 Nb4+ 37. Kd4 Nd5 38.
Ke5 Nb6 39. Kxe6 a5 40. g4 a4 41. f4 a3 42. Bb1 Kxb7 43. f5 gxf5 44. gxf5 Kc7
45. f6 Kd8 46. f7 Nd7 $11) 34... Kc5 35. Rb7 Kd6 36. Bg4 e5 37. Be6 Nb4 38.
Rxb4 Kxe6 1/2-1/2